[Event "Tournoi Skype 027A"]
[Site "Skype"]
[Date "????.??.??"]
[Round "2.23"]
[White "Elias, Roberto"]
[Black "Rodriguez Gonzalez, Jaime Rafael"]
[Result "1-0"]
[WhiteElo "1876"]
[BlackElo "1473"]
[PlyCount "107"]

1. c4 c5 2. Nc3 Nc6 3. g3 g6 4. Bg2 Bg7 5. d3 d6 6. Nf3 Nf6 7. O-O O-O 8. Bg5
Bd7 9. Qd2 Qc8 10. Rfe1 Bh3 11. Bh1 a6 12. Bh6 Rb8 13. Bxg7 Kxg7 14. Ng5 Bg4
15. Nce4 h6 16. Nxf6 exf6 17. Ne4 Qe6 18. Nc3 Qd7 19. Nd5 Nd4 20. f3 Be6 21.
Nf4 b5 22. e3 Nc6 23. b3 bxc4 24. dxc4 f5 25. Rad1 Rbd8 26. Qc3+ f6 27. e4 fxe4
28. Nxe6+ Qxe6 29. Rxe4 Qd7 30. f4 Nd4 31. Rde1 Rfe8 32. Qe3 Kf8 33. Qf2 Rxe4
34. Bxe4 f5 35. Bd5 Re8 36. h3 Rxe1+ 37. Qxe1 Qe7 38. Qf2 a5 39. Kg2 Qe2 40.
Bf3 Qxf2+ 41. Kxf2 Ke7 42. g4 Kf6 43. Bd1 g5 44. Kg3 gxf4+ 45. Kxf4 Ne6+ 46.
Ke3 Ke5 47. gxf5 Ng7 48. f6 Nf5+ 49. Kf3 Kxf6 50. Kf4 Nd4 51. Ke4 Ke6 52. Bg4+
Ke7 53. Kd5 h5 54. Bxh5 1-0

[Event "Tournoi Skype 027A"]
[Site "Skype"]
[Date "????.??.??"]
[Round "2.24"]
[White "Caputi, Giuliano"]
[Black "Navghane, Rahul"]
[Result "1-0"]
[WhiteElo "1785"]
[BlackElo "1527"]
[PlyCount "65"]

1. e4 d5 2. exd5 Nf6 3. Nf3 Nxd5 4. d4 Bg4 5. Be2 Nc6 6. O-O e6 7. c4 Nf6 8.
Nc3 Bb4 9. a3 Bxc3 10. bxc3 Bxf3 11. Bxf3 Rb8 12. Re1 O-O 13. Bg5 h6 14. Bh4
Qd7 15. Bxf6 gxf6 16. Re4 f5 17. Rh4 Kh7 18. Bxc6 bxc6 19. Qh5 f6 20. Qxh6+ Kg8
21. Qh8+ Kf7 22. Rh7+ Ke8 23. Qxf8+ Kxf8 24. Rxd7 Rb7 25. h4 Ke8 26. Rh7 f4 27.
Re1 e5 28. dxe5 fxe5 29. Rxe5+ Kd8 30. Rg5 Rb1+ 31. Kh2 Rh1+ 32. Kxh1 f3 33.
Rg8# 1-0

[Event "Tournoi Skype 027A"]
[Site "Skype"]
[Date "????.??.??"]
[Round "2.25"]
[White "Ram, Madhukesh"]
[Black "Hilton, Stephen"]
[Result "1/2-1/2"]
[WhiteElo "1523"]
[BlackElo "1741"]
[PlyCount "69"]

1. e4 Nf6 2. e5 Nd5 3. d4 d6 4. Bc4 Nb6 5. Bb3 d5 6. Nf3 Bg4 7. h3 Bh5 8. Be3
e6 9. O-O Be7 10. Nbd2 O-O 11. c4 dxc4 12. Nxc4 N8d7 13. Rc1 Nd5 14. Bd2 c5 15.
Ne3 Nf4 16. Nc4 Nd5 17. Ba5 b6 18. Bc3 Nxc3 19. bxc3 b5 20. Ncd2 Bg6 21. c4
cxd4 22. cxb5 Nc5 23. Bc4 Nd3 24. Ra1 Nb4 25. Ne1 Bc5 26. Nb3 Bb6 27. Be2 Rc8
28. Nxd4 Qd5 29. Nc6 Bc5 30. Qxd5 Nxd5 31. Rc1 Bb4 32. Nd3 Bxd3 33. Bxd3 Rc7
34. Be4 Nc3 35. Bf3 1/2-1/2

[Event "Tournoi Skype 027A"]
[Site "Skype"]
[Date "????.??.??"]
[Round "2.26"]
[White "Khetre, Gaurav"]
[Black "Kruzeniski, Randy"]
[Result "1-0"]
[WhiteElo "1642"]
[BlackElo "1509"]
[PlyCount "129"]

1. d4 d5 2. Nf3 Nf6 3. g3 g6 4. Bg2 Bg7 5. O-O O-O 6. c4 c6 7. Nc3 e6 8. Bf4
Nh5 9. Bg5 f6 10. Bd2 f5 11. Bg5 Nf6 12. Qd2 dxc4 13. Ne5 Qc7 14. Nxc4 Nbd7 15.
Bf4 Qd8 16. Rfd1 Nd5 17. Bd6 Rf7 18. f4 b5 19. Ne5 Nxe5 20. dxe5 Bf8 21. Bxf8
Rxf8 22. e4 Qb6+ 23. Qd4 Qxd4+ 24. Rxd4 fxe4 25. Nxe4 Bd7 26. Rc1 Kf7 27. Ng5+
Kg7 28. Bh3 Rfe8 29. Ne4 Kf7 30. Nd6+ Ke7 31. Nxe8 Bxe8 32. Bg2 a5 33. Kf2 h5
34. Bxd5 cxd5 35. Rc7+ Bd7 36. Rd1 a4 37. Rdc1 Rd8 38. R1c5 Ke8 39. a3 Kf8 40.
h4 Be8 41. Ke3 Bd7 42. Rb7 Ke8 43. Kd4 Kf8 44. Rcc7 Ke8 45. Ra7 Ke7 46. Rab7
Ke8 47. Rb6 Kf8 48. Rbb7 Ke8 49. Rb6 Kf8 50. Rd6 Ke7 51. Rb6 Kf8 52. Rbb7 Ke8
53. Kc3 d4+ 54. Kd3 Bc8 55. Rb8 Bd7 56. Rxd8+ Kxd8 57. Rc5 Ke7 58. Kxd4 Kd8 59.
Kc3 Ke7 60. Kb4 Kd8 61. Rxb5 Bxb5 62. Kxb5 Kc7 63. Kxa4 Kc6 64. Kb4 Kd5 65. a4
1-0

[Event "Tournoi Skype 027A"]
[Site "Skype"]
[Date "????.??.??"]
[Round "2.27"]
[White "Rajpurohit, Dinesh"]
[Black "Harmelle, Dominique"]
[Result "1-0"]
[WhiteElo "1613"]
[BlackElo "1507"]
[PlyCount "87"]

1. e4 c5 2. Nf3 e6 3. d4 cxd4 4. Nxd4 Nc6 5. Be3 a6 6. Nc3 Bb4 7. Qd2 Nf6 8.
Bd3 Qc7 9. O-O O-O 10. a3 Bd6 11. h3 Be7 12. Nf3 d6 13. Rad1 b5 14. Ne2 Bb7 15.
Ng3 Rfd8 16. Qe2 Ne5 17. Nxe5 dxe5 18. Bg5 Rd7 19. c4 bxc4 20. Rc1 Qd8 21. Bxc4
h6 22. Bxf6 Bxf6 23. Rc3 Bg5 24. Qg4 g6 25. Rf3 h5 26. Nxh5 gxh5 27. Qxh5 Bxe4
28. Rg3 Bg6 29. Rxg5 Kf8 30. Qh8+ Ke7 31. Qxe5 Rc8 32. Bb3 Qb6 33. Qg3 Rcd8 34.
Re5 Rd3 35. Qh4+ Kf8 36. Bc4 R3d4 37. Qh6+ Ke7 38. Bxe6 fxe6 39. Qxg6 R4d6 40.
Rfe1 Rf8 41. Qg3 Rf6 42. Rh5 Rf7 43. b4 Rd2 44. Qg5+ 1-0

[Event "Tournoi Skype 027A"]
[Site "Skype"]
[Date "????.??.??"]
[Round "2.28"]
[White "Ramirez Reina, Orlando"]
[Black "Le Brun, Yves"]
[Result "0-1"]
[WhiteElo "1497"]
[BlackElo "1611"]
[PlyCount "104"]

1. d4 d5 2. c4 c6 3. Nc3 e6 4. cxd5 cxd5 5. e4 Bb4 6. e5 Nc6 7. Nf3 h6 8. Bb5
Bd7 9. Bxc6 Bxc6 10. O-O Be7 11. Be3 h5 12. a3 Nh6 13. Bxh6 Rxh6 14. Qd2 Kd7
15. b4 a6 16. Rfb1 b5 17. a4 Rh8 18. axb5 Bxb5 19. Nxb5 axb5 20. Qd3 Qb6 21.
Qb3 Ra7 22. Rxa7+ Qxa7 23. Qb2 Ra8 24. Nd2 Qa2 25. f4 Qxb2 26. Rxb2 Kc7 27. g3
Kb6 28. Nf3 Ra1+ 29. Kg2 Rc1 30. h4 Rc4 31. Ng5 Rxd4 32. Nxf7 Bxb4 33. Ng5 Bc3
34. Rb1 b4 35. Nxe6 Rd2+ 36. Kh3 Kb5 37. Nxg7 Kc4 38. Nxh5 b3 39. Nf6 b2 40. h5
Rc2 41. Rd1 d4 42. Ne4 Rc1 43. Nxc3 Kxc3 44. Rxc1+ bxc1=Q 45. h6 Qh1+ 46. Kg4
Qxh6 47. f5 d3 48. e6 Qf6 49. Kf4 d2 50. g4 d1=Q 51. g5 Qdd4+ 52. Kf3 Qxf5+ 0-1

[Event "Tournoi Skype 027A"]
[Site "Skype"]
[Date "????.??.??"]
[Round "2.29"]
[White "Aranzubia, Desiderio"]
[Black "Hague, Mark"]
[Result "1/2-1/2"]
[WhiteElo "1602"]
[BlackElo "1490"]
[PlyCount "23"]

1. d4 f5 2. c4 Nf6 3. Nc3 e6 4. Bg5 Be7 5. g3 d6 6. Bg2 Nbd7 7. e4 fxe4 8. Nxe4
O-O 9. Nxf6+ Nxf6 10. Ne2 c6 11. O-O Bd7 12. Nc3 1/2-1/2

[Event "Tournoi Skype 027A"]
[Site "Skype"]
[Date "????.??.??"]
[Round "2.30"]
[White "Sauvaget, Joel"]
[Black "Aceituno, Stebe"]
[Result "0-1"]
[WhiteElo "1467"]
[BlackElo "1590"]
[PlyCount "54"]

1. d4 Nf6 2. c4 g6 3. Bg5 Bg7 4. Nf3 h6 5. Bh4 d6 6. e3 Bg4 7. Be2 c6 8. h3
Bxf3 9. Bxf3 Nbd7 10. O-O O-O 11. Nc3 e5 12. d5 e4 13. Nxe4 Ne5 14. Nxf6+ Bxf6
15. Bxf6 Qxf6 16. Be2 c5 17. Rb1 b6 18. b4 g5 19. b5 Kg7 20. a4 Qf5 21. Ra1 Qg6
22. a5 f5 23. a6 h5 24. Bxh5 Qh6 25. g4 fxg4 26. Bxg4 Nxc4 27. Qd4+ cxd4 0-1

[Event "Tournoi Skype 027A"]
[Site "Skype"]
[Date "????.??.??"]
[Round "2.31"]
[White "Salazar Ticeran, Antonio"]
[Black "Marino, Giuseppe"]
[Result "0-1"]
[WhiteElo "1589"]
[BlackElo "1465"]
[PlyCount "66"]

1. e4 b6 2. Nf3 Bb7 3. Nc3 d6 4. Bb5+ Nd7 5. b3 a6 6. Be2 g6 7. Bb2 Bg7 8. d4
e6 9. O-O Ne7 10. Rb1 O-O 11. d5 e5 12. Nd2 b5 13. Qe1 c5 14. f4 exf4 15. Rxf4
f5 16. Nd1 Bxb2 17. Rxb2 fxe4 18. Rxf8+ Qxf8 19. c4 Qf4 20. g3 Qe5 21. Nf3 exf3
22. Qf2 fxe2 23. Rxe2 Qg7 24. Qe1 Ne5 25. Kg2 Rf8 26. Nf2 Nf5 27. Ne4 Ne3+ 28.
Rxe3 bxc4 29. Nxd6 Bxd5+ 30. Kg1 Nf3+ 31. Rxf3 Rxf3 32. Qe8+ Rf8 33. Qe3 Qa1+
0-1

[Event "Tournoi Skype 027A"]
[Site "Skype"]
[Date "????.??.??"]
[Round "2.33"]
[White "Gharbi, Said"]
[Black "Galani, Mahendra"]
[Result "0-1"]
[WhiteElo "1578"]
[BlackElo "1458"]
[PlyCount "104"]

1. e4 e5 2. Nf3 d6 3. d4 exd4 4. Nxd4 Nd7 5. Bc4 Ne5 6. Bb3 Nf6 7. Nc3 Bd7 8.
O-O c6 9. Bg5 Be7 10. Bxf6 Bxf6 11. Qh5 O-O 12. Nf5 Bxf5 13. Qxf5 g6 14. Qh3 b5
15. f4 Qb6+ 16. Kh1 Nd7 17. f5 b4 18. fxg6 hxg6 19. Qxd7 Rad8 20. Qg4 Kg7 21.
Ne2 d5 22. Nf4 Rh8 23. exd5 Rh4 24. Qf3 Rdh8 25. Nh5+ R8xh5 26. Qxf6+ Kh6 27.
h3 Qe3 28. Rf3 Qe2 29. Rg3 Rg4 30. Kh2 Rxg3 31. Kxg3 Rg5+ 32. Qxg5+ Kxg5 33. d6
Qe5+ 34. Kf2 Qxd6 35. Bxf7 Qf4+ 36. Kg1 Qxf7 37. Rf1 Qxa2 38. g4 Qxb2 39. Rf2
Qb1+ 40. Kg2 Qd1 41. Kg3 Qg1+ 42. Rg2 Qe3+ 43. Kh2 Qf4+ 44. Rg3 c5 45. Kg2 c4
46. Rf3 Qd2+ 47. Rf2 Qd5+ 48. Kg3 b3 49. h4+ Kh6 50. g5+ Kh5 51. cxb3 cxb3 52.
Rf8 Qd6+ 0-1

[Event "Tournoi Skype 027A"]
[Site "Skype"]
[Date "????.??.??"]
[Round "2.34"]
[White "Pezzolato, Erica"]
[Black "Aclan, Levent"]
[Result "1-0"]
[WhiteElo "1458"]
[BlackElo "1571"]
[PlyCount "65"]

1. c4 Nf6 2. Nf3 e6 3. g3 d5 4. cxd5 exd5 5. Bg2 Bd6 6. O-O h5 7. d3 h4 8. Nxh4
Rxh4 9. gxh4 Bxh2+ 10. Kxh2 Ng4+ 11. Kg1 Qxh4 12. Bf4 c6 13. Bg3 Qf6 14. Nc3
Nd7 15. d4 Nf8 16. e3 Ng6 17. Bf3 Nh6 18. Kg2 Nh4+ 19. Bxh4 Qxh4 20. Rh1 Qg5+
21. Kf1 Be6 22. Ke2 O-O-O 23. Qg1 Qf6 24. a3 g5 25. Rc1 g4 26. Bg2 Nf5 27. Qh2
g3 28. Qg1 Re8 29. Bh3 Nxd4+ 30. Kf1 Bxh3+ 31. Rxh3 Rxe3 32. Nxd5 gxf2 33. Qg8+
1-0

[Event "Tournoi Skype 027A"]
[Site "Skype"]
[Date "????.??.??"]
[Round "2.35"]
[White "Mordaa, Ahmad"]
[Black "Chavero, Victor"]
[Result "1/2-1/2"]
[WhiteElo "1571"]
[BlackElo "1448"]
[PlyCount "120"]

1. e4 d5 2. exd5 Qxd5 3. Nc3 Qd6 4. d4 c6 5. Nf3 Bf5 6. g3 e6 7. Bf4 Qd7 8. Bg2
Bd6 9. Ne5 Qe7 10. O-O Nd7 11. Nxd7 Qxd7 12. Be3 Nf6 13. Re1 O-O 14. Bg5 Be7
15. Bxf6 Bxf6 16. Ne2 Rfe8 17. c3 Rad8 18. Qb3 Qc7 19. Nf4 Qb8 20. Rad1 Bg5 21.
Nd3 Bxd3 22. Rxd3 e5 23. Rf3 Bf6 24. dxe5 Rxe5 25. Rxe5 Qxe5 26. Re3 Qc7 27.
Re1 Qd7 28. Qc2 Re8 29. Rxe8+ Qxe8 30. Be4 g6 31. h4 Qe6 32. b3 Qe5 33. c4 Qa1+
34. Kg2 Qb2 35. Kf3 Qxc2 36. Bxc2 h5 37. Ke3 Kg7 38. Be4 Bc3 39. Bg2 Kh6 40.
Bh3 g5 41. hxg5+ Kxg5 42. f4+ Kf6 43. Bc8 b6 44. Bb7 c5 45. Bf3 Be1 46. Bxh5
Bxg3 47. Kf3 Be1 48. Bg4 Bc3 49. Ke4 Ke7 50. f5 f6 51. Kd5 Kd7 52. Bf3 Be5 53.
Bh5 Bc3 54. Bf7 Bb2 55. Be6+ Kc7 56. Bf7 Bc3 57. Ke6 Bb2 58. Ke7 Bc3 59. Be6
Bb2 60. Bd7 Bc3 1/2-1/2

[Event "Tournoi Skype 027A"]
[Site "Skype"]
[Date "????.??.??"]
[Round "2.36"]
[White "Escudero Ocana, Francisco"]
[Black "Castillo, Jesus"]
[Result "0-1"]
[WhiteElo "1414"]
[BlackElo "1568"]
[PlyCount "98"]

1. e4 e5 2. Nf3 Nc6 3. Bb5 a6 4. Bxc6 dxc6 5. Nxe5 Qd4 6. Ng4 Qxe4+ 7. Ne3 Bc5
8. d3 Qe7 9. Nd2 Nf6 10. O-O O-O 11. Nb3 Ba7 12. Re1 Re8 13. Bd2 Qd8 14. Bc3 h5
15. Qf3 Bxe3 16. fxe3 Bg4 17. Bxf6 gxf6 18. Qg3 Qd6 19. Qh4 Qe5 20. c3 Qg5 21.
Qxg5+ fxg5 22. Nc5 b6 23. Ne4 Red8 24. Nf6+ Kg7 25. Nxg4 hxg4 26. d4 Re8 27.
Re2 f5 28. g3 f4 29. gxf4 gxf4 30. e4 Rh8 31. Rf1 f3 32. Re3 Kf6 33. b4 Kg5 34.
Rf2 Kf4 35. Re1 Rh3 36. e5 Rah8 37. e6 g3 38. Rxf3+ Kxf3 39. e7 gxh2+ 40. Kh1
Re8 41. c4 Kf4 42. Re2 Kf5 43. Rxh2 Rxh2+ 44. Kxh2 Rxe7 45. a4 Rg7 46. b5 axb5
47. axb5 cxb5 48. cxb5 Rg4 49. d5 Kf4 0-1

[Event "Tournoi Skype 027A"]
[Site "Skype"]
[Date "????.??.??"]
[Round "2.37"]
[White "Morelli, Daniel"]
[Black "Ortiz, Vladimir"]
[Result "0-1"]
[WhiteElo "1409"]
[BlackElo "1553"]
[PlyCount "128"]

1. e4 c6 2. d4 d5 3. Nc3 dxe4 4. Nxe4 Bf5 5. Ng3 Bg6 6. Nf3 e6 7. c3 Nd7 8. Bc4
Be7 9. O-O Ngf6 10. h3 Ne4 11. Nxe4 Bxe4 12. Re1 Bd5 13. Bxd5 cxd5 14. Bf4 h6
15. Ne5 Nxe5 16. Bxe5 Bf6 17. Qf3 Bxe5 18. Rxe5 O-O 19. Rae1 Qd7 20. Qg4 Rae8
21. Rh5 Kh7 22. Rhe5 b6 23. h4 Rg8 24. h5 g6 25. Qe2 gxh5 26. Rxh5 Rg6 27. Qc2
Reg8 28. Ree5 Kh8 29. f3 Rxg2+ 30. Qxg2 Rxg2+ 31. Kxg2 Kh7 32. Rh2 Qa4 33. Reh5
Qxa2 34. Rxh6+ Kg7 35. Rh7+ Kf8 36. Rh8+ Ke7 37. Kg3 Qb1 38. Rb8 Qg6+ 39. Kf2
Qc2+ 40. Kg3 Qg6+ 41. Kf2 Kd6 42. Rb7 Qc2+ 43. Kg3 Qg6+ 44. Kf2 f5 45. Rhh7 f4
46. Rhd7+ Kc6 47. Rg7 Qc2+ 48. Kf1 Qc1+ 49. Kf2 Qxb2+ 50. Kf1 Qc1+ 51. Kf2 Qe3+
52. Kg2 Qe2+ 53. Kh3 Qxf3+ 54. Kh4 Qh1+ 55. Kg4 f3 56. Rgf7 Qg2+ 57. Kh4 f2 58.
Rf6 Qh1+ 59. Kg4 Qg2+ 60. Kh5 Qh3+ 61. Kg5 f1=Q 62. Rxf1 Qxf1 63. Rxa7 Qf3 64.
Re7 Qf5+ 0-1

[Event "Tournoi Skype 027A"]
[Site "Skype"]
[Date "????.??.??"]
[Round "2.38"]
[White "Alvarez, Juan Evangelista"]
[Black "Santos, Joselito"]
[Result "1-0"]
[WhiteElo "1540"]
[BlackElo "1428"]
[PlyCount "97"]

1. d4 d5 2. Qd3 Nf6 3. Nc3 g6 4. Bf4 Bg7 5. e4 dxe4 6. Nxe4 Bf5 7. Nxf6+ Bxf6
8. Qb5+ Nc6 9. Qxb7 Nxd4 10. O-O-O O-O 11. c3 e5 12. Be3 c5 13. cxd4 cxd4 14.
Qa6 Qc7+ 15. Bc4 dxe3 16. fxe3 Qc5 17. Nf3 Qxe3+ 18. Nd2 Qb6 19. Qxb6 axb6 20.
Rdf1 Rfc8 21. Kd1 Kg7 22. h3 Re8 23. Rf2 Be6 24. Rhf1 Bxc4 25. Nxc4 Red8+ 26.
Ke2 b5 27. Rxf6 bxc4 28. Rxf7+ Kg8 29. a3 Rab8 30. Rb1 c3 31. b4 Rd2+ 32. Ke3
Rxg2 33. Rc7 Rg3+ 34. Kf2 Rxh3 35. Rc1 Rf8+ 36. Ke2 Rff3 37. Rf1 Re3+ 38. Kd1
Rhf3 39. Rxf3 Rxf3 40. b5 c2+ 41. Kxc2 Rxa3 42. b6 Ra8 43. b7 Rf8 44. Rc8 h5
45. Rxf8+ Kxf8 46. b8=Q+ Kg7 47. Qxe5+ Kh6 48. Kd3 g5 49. Qf6+ 1-0

[Event "Tournoi Skype 027A"]
[Site "Skype"]
[Date "????.??.??"]
[Round "2.39"]
[White "Gadow, Martin"]
[Black "L'Herbon De Lussats, Jean"]
[Result "1/2-1/2"]
[WhiteElo "1530"]
[BlackElo "1413"]
[PlyCount "28"]

1. d4 d5 2. Nf3 Nf6 3. Bf4 e6 4. e3 c5 5. dxc5 Bxc5 6. Bd3 Nc6 7. O-O O-O 8.
Ne5 Bd6 9. Nxc6 bxc6 10. Bg5 Qc7 11. Bxf6 gxf6 12. Qh5 f5 13. Qg5+ Kh8 14. Qf6+
Kg8 1/2-1/2

[Event "Tournoi Skype 027A"]
[Site "Skype"]
[Date "????.??.??"]
[Round "2.40"]
[White "Mantelli, Luca"]
[Black "Lucena Vaz, Jose"]
[Result "0-1"]
[WhiteElo "1388"]
[BlackElo "1527"]
[PlyCount "78"]

1. e4 c5 2. Nc3 g6 3. f4 Bg7 4. Nf3 e6 5. Bb5 Qc7 6. d3 Ne7 7. a3 Nbc6 8. O-O
Qb6 9. Bxc6 Nxc6 10. Qe1 a6 11. Be3 Qxb2 12. Na4 Qxa1 13. Qxa1 Bxa1 14. Rxa1 d6
15. Rb1 b5 16. Nc3 Rb8 17. Ne2 f5 18. e5 Kd7 19. d4 cxd4 20. Nexd4 dxe5 21.
fxe5 Nxd4 22. Nxd4 Bb7 23. Rd1 Bd5 24. Nb3 Ke8 25. Nc5 Rc8 26. Nxa6 Rxc2 27.
Nb4 Rxg2+ 28. Kf1 Rxh2 29. Nxd5 Rh1+ 30. Bg1 exd5 31. Rxd5 Rh3 32. Rxb5 Kf7 33.
a4 Ra8 34. a5 Ra3 35. Bb6 Ke6 36. Bc7 Ra6 37. Rb8 Ra2 38. Re8+ Kd7 39. e6+ Kxe8
0-1

[Event "Tournoi Skype 027A"]
[Site "Skype"]
[Date "????.??.??"]
[Round "3.1"]
[White "Khabou, Taha"]
[Black "Siret, Bernard"]
[Result "0-1"]
[WhiteElo "1875"]
[BlackElo "2106"]
[PlyCount "46"]

1. d4 d5 2. Bf4 c5 3. c3 Nf6 4. e3 Nc6 5. Nf3 Qb6 6. Qb3 c4 7. Qxb6 axb6 8. Na3
Na7 9. b4 b5 10. h3 Ne4 11. Nb1 Nc6 12. Be2 f6 13. Nfd2 e5 14. Bh2 Nd6 15. O-O
Be6 16. f3 Nf5 17. Kf2 exd4 18. exd4 Nfxd4 19. cxd4 Nxd4 20. Nc3 Bxb4 21. Rfc1
O-O 22. Nf1 Rfe8 23. Bf4 Bf7 0-1

[Event "Tournoi Skype 027A"]
[Site "Skype"]
[Date "????.??.??"]
[Round "3.2"]
[White "Grosso, Raul"]
[Black "Figueroa, Tomas"]
[Result "1/2-1/2"]
[WhiteElo "1851"]
[BlackElo "2093"]
[PlyCount "33"]

1. Nf3 Nf6 2. g3 g6 3. b4 Bg7 4. Bb2 a5 5. a3 O-O 6. Bg2 axb4 7. axb4 Rxa1 8.
Bxa1 Na6 9. b5 Nc5 10. O-O d5 11. d3 Bd7 12. c4 dxc4 13. dxc4 Qc8 14. Nbd2 Rd8
15. Bd4 Ne6 16. Bc3 Nc5 17. Bd4 1/2-1/2

[Event "Tournoi Skype 027A"]
[Site "Skype"]
[Date "????.??.??"]
[Round "3.3"]
[White "Benson, Paul"]
[Black "Pena, Eduin"]
[Result "0-1"]
[WhiteElo "2080"]
[BlackElo "1833"]
[PlyCount "64"]

1. e4 c5 2. Nf3 Nc6 3. d4 cxd4 4. Nxd4 Nf6 5. Nc3 e5 6. Nde2 Bb4 7. Ng3 d5 8.
exd5 Nxd5 9. Bd2 Nxc3 10. bxc3 Bc5 11. Bc4 O-O 12. O-O Qh4 13. Qe2 Re8 14. Rab1
Bb6 15. Ne4 Bg4 16. Qe1 h6 17. Nd6 Re7 18. Be3 Bc7 19. Bc5 e4 20. f3 Qh5 21.
Qf2 e3 22. Bxe3 Bxd6 23. g3 Bh3 24. Rfd1 Ne5 25. Be2 Qg6 26. Bxa7 Rae8 27. Rd2
Nc6 28. Bb6 Be5 29. Bd3 Qf6 30. Bc5 Rc7 31. Re2 Rec8 32. Rbe1 Be6 0-1

[Event "Tournoi Skype 027A"]
[Site "Skype"]
[Date "????.??.??"]
[Round "3.4"]
[White "Karia, Vijay"]
[Black "Lopez, Jose Luis"]
[Result "0-1"]
[WhiteElo "1800"]
[BlackElo "1951"]
[PlyCount "74"]

1. e4 c5 2. Nc3 Nc6 3. f4 e6 4. Nf3 g6 5. d4 cxd4 6. Nxd4 Bg7 7. Be3 Nge7 8. e5
O-O 9. Ne4 Nxd4 10. Bxd4 Nf5 11. c3 d6 12. exd6 Nxd4 13. cxd4 Bd7 14. Bc4 Bc6
15. Qd3 Bxe4 16. Qxe4 Qxd6 17. O-O Rac8 18. Rac1 Qxd4+ 19. Qxd4 Bxd4+ 20. Kh1
Bxb2 21. Rb1 Rxc4 22. Rxb2 b6 23. h3 Rfc8 24. Kh2 Rc2 25. Rf2 Rxf2 26. Rxf2 Rc3
27. g3 Ra3 28. h4 b5 29. Kh3 h5 30. Rd2 b4 31. Kg2 a5 32. Kh3 a4 33. Rd4 Rxa2
34. Rxb4 a3 35. Ra4 Ra1 36. Kg2 a2 37. Kf2 Rh1 0-1

[Event "Tournoi Skype 027A"]
[Site "Skype"]
[Date "????.??.??"]
[Round "3.5"]
[White "Ibarra Cantu, Raul Alberto"]
[Black "Legueltel, Daniel"]
[Result "1-0"]
[WhiteElo "1923"]
[BlackElo "1747"]
[PlyCount "111"]

1. e4 e5 2. Nf3 Nc6 3. Bb5 a6 4. Ba4 d6 5. O-O Bd7 6. c3 Nf6 7. Re1 Be7 8. d4
exd4 9. cxd4 O-O 10. d5 Ne5 11. Nxe5 dxe5 12. Bxd7 Qxd7 13. Nd2 Bd6 14. Nc4 h6
15. Bd2 Nh7 16. Rc1 f5 17. f3 Nf6 18. Bc3 fxe4 19. fxe4 Bc5+ 20. Kh1 Ng4 21.
Re2 Nf2+ 22. Rxf2 Rxf2 23. Nxe5 Qe7 24. Nd3 Qxe4 25. Nxf2 Bxf2 26. Qc2 Qxc2 27.
Rxc2 Bb6 28. g3 Rd8 29. Rd2 Bc5 30. Kg2 Kf7 31. Kf3 Re8 32. Bd4 Bxd4 33. Rxd4
Rd8 34. Rc4 Rd7 35. Ke4 Kf6 36. Rb4 b6 37. Rc4 a5 38. Rc6+ Kf7 39. Ke5 Re7+ 40.
Re6 Rd7 41. a4 Kf8 42. g4 Kf7 43. h4 Kf8 44. g5 hxg5 45. hxg5 Rf7 46. Rc6 Re7+
47. Kd4 Re2 48. Rxc7 Rxb2 49. g6 Rb4+ 50. Ke5 Rxa4 51. Kd6 Re4 52. Rc8+ Re8 53.
Rxe8+ Kxe8 54. Kc7 a4 55. d6 a3 56. d7+ 1-0

[Event "Tournoi Skype 027A"]
[Site "Skype"]
[Date "????.??.??"]
[Round "3.6"]
[White "Martinez Quintero, Javier"]
[Black "Mayor Martinez, Juan Jose"]
[Result "0-1"]
[WhiteElo "1773"]
[BlackElo "1882"]
[PlyCount "106"]

1. d4 d5 2. c4 c6 3. e3 Nf6 4. Nc3 e6 5. cxd5 exd5 6. Bd3 Nbd7 7. Nge2 Bd6 8.
O-O O-O 9. f4 Re8 10. Ng3 Nf8 11. Nf5 Ne4 12. Bxe4 dxe4 13. Ng3 f5 14. b4 a6
15. Bb2 Qe7 16. Qh5 Qf7 17. a3 Bd7 18. Rfd1 Qxh5 19. Nxh5 Rad8 20. Na4 Re6 21.
Nc5 Bxc5 22. dxc5 Rg6 23. Ng3 Re8 24. Rd2 Re7 25. Rad1 Rf7 26. Be5 Be6 27. Rd8
Bd5 28. Bd6 Rgf6 29. Rb8 g6 30. Bxf8 Rxf8 31. Rxb7 R6f7 32. Rb6 Ra7 33. Ne2 a5
34. b5 Bc4 35. Nd4 Rd8 36. bxc6 Rc7 37. Rdb1 Rdc8 38. Rb8 Kg7 39. Rxc8 Rxc8 40.
Rb7+ Kh6 41. c7 a4 42. Nc6 Bd5 43. Rb6 Rxc7 44. Nd4 Rxc5 45. Nxf5+ Kh5 46. Nd4
Rc3 47. Rb5 Rxa3 48. Rxd5+ Kh6 49. f5 Rxe3 50. f6 a3 51. Ra5 Rd3 52. Ne6 e3 53.
f7 Rd1# 0-1

[Event "Tournoi Skype 027A"]
[Site "Skype"]
[Date "????.??.??"]
[Round "3.7"]
[White "Montalvo, Mario"]
[Black "Rapaire, Jean-Michel"]
[Result "1-0"]
[WhiteElo "1707"]
[BlackElo "1880"]
[PlyCount "77"]

1. d4 d6 2. Nc3 e5 3. dxe5 dxe5 4. Qxd8+ Kxd8 5. e4 Be6 6. Nf3 f6 7. Be3 c6 8.
Be2 Kc7 9. O-O Nd7 10. a3 Nb6 11. b3 g5 12. Rfd1 Rd8 13. Rxd8 Kxd8 14. a4 Kc7
15. a5 Nc8 16. Na4 h5 17. Nc5 Bxc5 18. Bxc5 Nge7 19. c4 Ng6 20. Be3 h4 21. b4
b6 22. axb6+ axb6 23. c5 b5 24. g3 hxg3 25. hxg3 Rd8 26. Rd1 Rxd1+ 27. Bxd1 Bc4
28. Nd2 Be6 29. Kg2 Nce7 30. Be2 Nf8 31. f4 gxf4 32. gxf4 exf4 33. Bxf4+ Kd7
34. Nf3 Neg6 35. Bd6 Bg4 36. Bxf8 Nxf8 37. Ne5+ fxe5 38. Bxg4+ Ke7 39. Bf5 1-0

[Event "Tournoi Skype 027A"]
[Site "Skype"]
[Date "????.??.??"]
[Round "3.8"]
[White "Saponara, Jose Maria"]
[Black "Prasath, Malola"]
[Result "0-1"]
[WhiteElo "1714"]
[BlackElo "2035"]
[PlyCount "108"]

1. e4 Nc6 2. Nf3 d6 3. d4 Nf6 4. Nc3 e6 5. Be2 Be7 6. O-O O-O 7. Be3 Re8 8. h3
Bd7 9. Qd2 Bf8 10. Rfe1 Re7 11. Rad1 Be8 12. a3 Rd7 13. d5 exd5 14. exd5 Ne5
15. Bd4 Ng6 16. Bd3 a6 17. Re2 Re7 18. Rde1 Rxe2 19. Rxe2 c5 20. Bxf6 Qxf6 21.
Qe1 Bd7 22. Ne4 Qxb2 23. Neg5 Qxa3 24. Re3 Qb2 25. Bxg6 hxg6 26. c3 Qb3 27. Ne6
Re8 28. Nxf8 Kxf8 29. Rxe8+ Bxe8 30. Qd2 Ba4 31. Qg5 f6 32. Qxg6 Qxd5 33. Nh4
Bd7 34. Qg3 g5 35. Nf3 a5 36. c4 Qd3 37. Kh2 a4 38. h4 g4 39. Qf4 gxf3 40.
Qxf6+ Ke8 41. Qh8+ Ke7 42. Qg7+ Kd8 43. Qf8+ Kc7 44. gxf3 a3 45. Kg2 Qg6+ 46.
Kh2 Be8 47. Qe7+ Bd7 48. Qf8 Qf5 49. Qa8 Qxf3 50. Qa5+ b6 51. Qa7+ Kd8 52.
Qxb6+ Ke7 53. Qa5 Qxf2+ 54. Kh1 Bc6# 0-1

[Event "Tournoi Skype 027A"]
[Site "Skype"]
[Date "????.??.??"]
[Round "3.9"]
[White "Deville, Olivier"]
[Black "Khunte, Aniruddha"]
[Result "1/2-1/2"]
[WhiteElo "2023"]
[BlackElo "1652"]
[PlyCount "44"]

1. d4 Nf6 2. c4 e6 3. Nf3 b6 4. a3 Bb7 5. Nc3 Be7 6. d5 O-O 7. e4 exd5 8. cxd5
d6 9. Bd3 Nbd7 10. O-O c6 11. dxc6 Bxc6 12. b4 Ne5 13. Bc2 Rc8 14. Nd4 Bb7 15.
Bb2 Qc7 16. Rc1 Nc4 17. Na4 Nxe4 18. Qe2 Nxb2 19. Bxe4 Qxc1 20. Bxb7 Nxa4 21.
Bxc8 Rxc8 22. Qxe7 Qxa3 1/2-1/2

[Event "Tournoi Skype 027A"]
[Site "Skype"]
[Date "????.??.??"]
[Round "3.10"]
[White "Rico Hernandez, Edgar"]
[Black "Trivedi, Viral"]
[Result "1-0"]
[WhiteElo "1882"]
[BlackElo "1535"]
[PlyCount "47"]

1. d4 Nf6 2. c4 g6 3. Nc3 d5 4. cxd5 Nxd5 5. e4 Nxc3 6. bxc3 Bg7 7. Bc4 O-O 8.
Ne2 c5 9. O-O cxd4 10. cxd4 Qc7 11. Bb3 Nc6 12. Be3 Na5 13. Rc1 Qd8 14. Ba4 Bd7
15. Bxd7 Qxd7 16. Qd2 b6 17. Rc2 Rfc8 18. Rfc1 Rxc2 19. Qxc2 Qb5 20. Qc8+ Rxc8
21. Rxc8+ Bf8 22. Bh6 Qb1+ 23. Nc1 Qxc1+ 24. Bxc1 1-0

[Event "Tournoi Skype 027A"]
[Site "Skype"]
[Date "????.??.??"]
[Round "3.11"]
[White "Engstrom, Olle"]
[Black "Yardimci, Ertan"]
[Result "1-0"]
[WhiteElo "1723"]
[BlackElo "1591"]
[PlyCount "61"]

1. e4 e6 2. d4 d5 3. Nd2 Nf6 4. e5 Nfd7 5. Bd3 c5 6. c3 Nc6 7. Ne2 Qb6 8. Nf3
Be7 9. O-O O-O 10. Nf4 cxd4 11. cxd4 f6 12. Nxe6 Re8 13. Bxh7+ Kxh7 14. Nfg5+
fxg5 15. Qh5+ Kg8 16. Qxe8+ Nf8 17. Nxf8 Bxf8 18. Bxg5 Qc7 19. Rac1 Qd7 20. Qh5
Qe6 21. f4 Bd7 22. Rc3 Be8 23. Qh4 Nxd4 24. Rh3 Nf5 25. Qh7+ Kf7 26. g4 Bc5+
27. Kh1 Ne3 28. f5 Qxe5 29. Bxe3 Bxe3 30. Qg6+ Kf8 31. Rh8+ 1-0

[Event "Tournoi Skype 027A"]
[Site "Skype"]
[Date "????.??.??"]
[Round "3.12"]
[White "Le Brun, Yves"]
[Black "Elias, Roberto"]
[Result "0-1"]
[WhiteElo "1611"]
[BlackElo "1876"]
[PlyCount "36"]

1. d4 Nf6 2. Nf3 e6 3. Bf4 c5 4. c3 Nc6 5. e3 Nh5 6. Bg5 Qb6 7. Qb3 h6 8. Qxb6
axb6 9. Bh4 g5 10. Bg3 Nxg3 11. hxg3 Bg7 12. Nbd2 d5 13. Be2 e5 14. Nxe5 Nxe5
15. dxe5 Bxe5 16. Nf3 Bg7 17. a3 Bd7 18. Bb5 Bxb5 0-1